书目信息 |
| 题名: |
故宫史话
|
|
| 作者: | 单士元 编 | |
| 分册: | ||
| 出版信息: | 北京 中华书局 1962 |
|
| 页数: | 36页 | |
| 开本: | 19cm | |
| 丛书名: | 历史知识小丛书 | |
| 单 册: | ||
| 中图分类: | K51 | |
| 科图分类: | ||
| 主题词: | 东欧--历史 , 中欧--历史 | |
| 电子资源: | ||
| ISBN: | ||
| 000 | 00698nam2 2200265 45 | |
| 001 | 0178002831 | |
| 005 | 20060510174258.17 | |
| 010 | @dCNY0.12 | |
| 091 | @a11018.348 | |
| 100 | @a19950725e19781962em y0chiy0121 ea | |
| 101 | 0 | @achi |
| 102 | @aCN@b110000 | |
| 105 | @af z 000yy | |
| 200 | 10 | @a故宫史话@Agu gong shi hua@f单士元编@Fdan shi yuan bian |
| 210 | @a北京@c中华书局@d1962@h1978重印 | |
| 215 | @a36页@c图@d19cm | |
| 225 | 2 | @a历史知识小丛书 |
| 410 | 0 | @120010@a历史知识小丛书 |
| 606 | 0 | @a东欧@x历史 |
| 606 | 0 | @a中欧@x历史 |
| 607 | @a故宫@y北京@x通俗读物 | |
| 690 | @aK51 | |
| 701 | 0 | @a单士元@Ashan shi yuan@4编 |
| 801 | 0 | @aCN@bNLC@c20060510 |
| 905 | @f1@b13078@dK51@e10 | |
| 故宫史话/单士元编.-北京:中华书局,1962(1978重印) |
| 36页:图;19cm.-(历史知识小丛书) |
| ISBN :CNY0.12 |
| ● |
| 相关链接 |
|
|
|
|
正题名:故宫史话
索取号:K51/10
 
预约/预借
| 序号 | 登录号 | 条形码 | 馆藏地/架位号 | 状态 | 备注 |
| 1 | 0013078 | 001217711 | 第二借阅区/ [索取号:K51/10] | 在馆 | |
| 2 | 0013079 | 202150910 | 密集书库/ [索取号:K51/10] | 在馆 |